Responses for show #5489 - Thursday, June 19, 2008

Dave Simpson game 4.

Contestants

[<< previous game]

Kara Gavin, a science writer from Plymouth, Michigan

Kew Lee, a psychiatrist from San Francisco, California

Dave Simpson, a pastor from Belcamp, Maryland (whose 3-day cash winnings total $76,802)

[next game >>]

Jeopardy! Round responses

HERE'S THE STORY
OF A MAN NAMED BRADY
A BUNCH OF STUFF
MEN IN HISTORY
ON YOUR "OWN"
BUSY AS A BEE
    $200 26
Moby-Dick

Kew
    $200 21
Tom Brady

Kara
    $200 12
huevos rancheros

Kew
    $200 11
(Kew: Who is John Wilkes Booth?)

Abraham Lincoln

DaveKew
    $200 1
(Kew: What are re-owned?)

pre-owned

DaveKew
    $200 6
Peter Sellers

Kew
    $400 27
The Old Man and the Sea

Kew
    $400 22
Brady Quinn

Dave
    $400 17
whey

Kew
    $400 13
(Cecil) Rhodes

Kew
    $400 2
(Dave: What is locally--local-grown?)

homegrown

DaveKew
    $400 7
Dunkin' Donuts

Kew
    $600 28
Gulliver's Travels

Triple Stumper
    $600 23
Wayne Brady

Kew
    $600 18
Mayo

Dave
    $1,500 14
(William Randolph) Hearst

Kew
    $600 3
the Unknown Soldier

Dave
    $600 8
Karl Rove

Dave
    $800 29
The Hunchback of Notre Dame

Triple Stumper
    $800 24
Mathew Brady

Kew
    $800 19
Baltimore

Dave
    $800 15
Benito Mussolini

Triple Stumper
    $800 4
disown

Kew
    $800 9
dominoes

Kara
    $1000 25
Diamond Jim Brady

Kara
    $1000 20
a trefoil

Kara
    $1000 16
Tesla

Kew
    $1000 5
blown

Kara
    $1000 10
Tyler

Kew

Scores at the first commercial break (after clue 14):

Dave Kew Kara
$1,200 $4,500 $1,800

Scores at the end of the Jeopardy! Round:

Dave Kew Kara
$3,000 $7,900 $4,000

Double Jeopardy! Round responses

SPACED OUT
A SPORTING CHANCE
ISLAND HOPPING
FOREIGN EXCHANGE
AFRICAN ANIMALS
CROSSWORD CLUES "L"
    $400 26
Mars

Dave
    $400 1
a split

Kew
    $400 21
the Falklands

Kara
    $400 16
Tutankhamun

Kara
    $400 11
ostriches

Dave
    $400 2
lids

Dave
    $800 27
Mercury

Kara
    $800 3
(Pat) Riley

Kew
    $4,000 22
(Kara: What is Iwo Jima?)

Midway

Kara
    $800 17
the U.S. dollar

Dave
    $800 12
penguins

Kew
    $800 4
(Dave: What is...a...lesser?)
(Alex: No.)
(Dave: Lessor.)

a landlady

DaveKew
    $1200 28
the Moon

Dave
    $1200 7
ice fishing

Dave
    $1200 23
Denmark

Kara
    $1200 18
the ruble

Dave
    $1200 13
(Alex: Oh, you're going to hate yourself on this one.)
(Dave: Not [*].)
(Alex: [*]! [*] and gnus! Yes, wildebeests.)

zebras

Triple Stumper
    $1200 5
a lotus

Dave
    $1600 29
(Kara: What's bifocal?)

binocular

DaveKara
    $1600 8
Florida State University

Dave
    $1600 24
the Isle of Wight

Triple Stumper
    $1600 19
Ho Chi Minh

Kew
    $1600 14
a seal

Kara
    $1600 6
(Alex: "Every little breeze seems to whisper [*].")

Louise

Triple Stumper
    $2000 30
Alpha Tauri

Triple Stumper
    $2000 9
goalkeeper (or goalie)

Dave
    $2000 25
Rapa Nui

Kara
    $2,000 20
the guilder

Kew
    $2000 15
(Alex: That would be [*]. Comes up a lot in crosswords.)

the okapi

Triple Stumper
    $2000 10
Lorraine

Kew

Scores at the end of the Double Jeopardy! Round:

Dave Kew Kara
$14,200 $16,300 $4,800

[wagering suggestions for these scores]

Final Jeopardy! Round responses

BUSINESS TRADEMARKS
KaraWhat is the New York Times
$4,000
DaveWhat is Hallmark??
$2,101
KewWhat is a cash register?
$12,101
Coca-Cola

Final scores:

Dave Kew Kara
$12,099 $4,199 $800
4-day champion: $88,901 2nd place: $2,000 3rd place: $1,000

Game dynamics:

Coryat scores:

Dave Kew Kara
$14,200 $15,400 $8,800
18 R,
2 W
21 R
(including 2 DDs),
2 W
11 R,
2 W
(including 1 DD)

Combined Coryat: $38,400

The J! Archive is created by fans, for fans. The Jeopardy! game show and all elements thereof, including but not limited to copyright and trademark thereto, are the property of Jeopardy Productions, Inc. and are protected under law. This website is not affiliated with, sponsored by, or operated by Jeopardy Productions, Inc. Join the discussion at JBoard.tv.